000 00354nam a2200145Ia 4500
005 20251222153603.0
008 251222s9999||||xx |||||||||||||| ||spa||
020 _a8441321256
082 _a939/G77
100 _aGraham Campbell, James
245 0 _aGrandes Civilizaciones del pasado:
250 _a1ra .ed
264 _bEdiciones Folio
942 _cLIB
999 _c31306
_d31306